| 000 | 00000nas##2200000za#4500 |
| 001 | 9.509283 |
| 003 | CaOODSP |
| 005 | 20200331215950 |
| 007 | ta |
| 008 | 150406c1990||||xxc|| m #||||f| |0fre|d |
| 040 | |aCaOODSP|bfre |
| 041 | |aeng |
| 041 | |afre |
| 043 | |an-cn--- |
| 086 | 1 |aEn49-7 |
| 110 | 1 |aCanada. |bEnvironnement Canada. |
| 245 | 10|aSérie de la Protection de l'environnement. Méthode de référence |
| 260 | |aOttawa - Ontario : |bEnvironnement Canada |
| 500 | |aDonnées de catalogage avant publication (Canada) imprimées dans ces publications. |
| 546 | |aBilingue |
| 563 | |aCouverture souple |
| 775 | 08|tSérie de la Protection de l'environnement. [Méthodes de référence] / |w(CaOODSP)9.512983 |
| 775 | 08|tEnvironmental Protection series. [Reference methods] / |w(CaOODSP)9.514590 |
| 776 | 0#|tSérie de la Protection de l'environnement. [Méthodes de référence] |w(CaOODSP)9.501305 |
| 776 | 0#|tEnvironmental Protection series. [Reference methods] |w(CaOODSP)9.504905 |
| 785 | 00|tRapport. [Méthodes de référence] |w(CaOODSP)9.854824 |
| 791 | |tEnvironmental protection series. Reference method |eeng|w(CaOODSP)9.509282 |